Разработка и исследование индукционно-динамических двигателей и их схем импульсного питания для возбуждения источников сейсмических волн: автореферат диссертации на соискание ученой степени кандидата технических наук; спец. 05.09.01

Bibliografiske detaljer
Hovedforfatter: Чуркин И. М. Иван Михайлович
Corporate Authors: Тольяттинский политехнический институт, Томский политехнический институт
Andre forfattere: Ивашин В. В. (научный руководитель)
Sprog:russisk
Udgivet: Томск, [Б. и.], 1979
Fag:
Format: Bog
KOHA link:https://koha.lib.tpu.ru/cgi-bin/koha/opac-detail.pl?biblionumber=368706

MARC

LEADER 00000nam0a2200000 4500
001 368706
005 20231102012117.0
035 |a (RuTPU)RU\TPU\retro\26088 
035 |a RU\TPU\book\84076 
090 |a 368706 
100 |a 20220418d1979 k y0rusy50 ca 
101 0 |a rus 
102 |a RU 
105 |a a dm 001zy 
200 1 |a Разработка и исследование индукционно-динамических двигателей и их схем импульсного питания для возбуждения источников сейсмических волн  |e автореферат диссертации на соискание ученой степени кандидата технических наук  |e спец. 05.09.01  |f И. М. Чуркин  |g Тольяттинский политехнический институт ; Томский политехнический институт ; науч. рук. В. В. Ивашин 
210 |a Томск  |c [Б. и.]  |d 1979 
215 |a 21 с.  |c ил. 
320 |a Библиогр.: с. 16-17 (13 назв.) 
606 1 |a Электродвигатели (в целом)  |2 stltpush  |3 (RuTPU)RU\TPU\subj\19799  |9 44967 
606 1 |a Сейсмические волны  |x Динамические характеристики  |x (геофизические методы разведки)  |2 stltpush  |3 (RuTPU)RU\TPU\subj\54349  |9 72506 
610 1 |a разработка 
610 1 |a исследование 
610 1 |a индукционные динамические двигатели 
610 1 |a питание 
610 1 |a электрические двигатели 
610 1 |a преобразователи энергии 
610 1 |a импульсные излучатели 
610 1 |a геофизика 
610 1 |a схемы 
610 1 |a авторефераты диссертаций 
675 |a 621.313.13(04)  |v 4 
675 |a 550.834(04)  |v 4 
686 |a 05.09.01  |2 oksvnk 
700 1 |a Чуркин  |b И. М.  |g Иван Михайлович 
702 1 |a Ивашин  |b В. В.  |4 727 
712 0 2 |a Тольяттинский политехнический институт  |2 stltpush  |3 (RuTPU)RU\TPU\col\4083  |9 23925 
712 0 2 |a Томский политехнический институт  |c (1944-1991)  |2 stltpush  |3 (RuTPU)RU\TPU\col\1123  |9 23521 
801 1 |a RU  |b 63413507  |c 20050622  |g PSBO 
801 2 |a RU  |b 63413507  |c 20220418  |g RCR 
942 |c BK